000 00426nam a22001697a 4500
003 MPLRDC
005 20220104114147.0
008 210129b ||||| |||| 00| 0 eng d
082 _a812.8 MQQ
100 _a毛庆其选编
245 _a台湾学者中国文学批评论文选
_c
250 _a一版一刷
260 _a
_b人民文学出版社
_c1986
300 _b
650 _a杂文学论
942 _cBK
_o812.8 MQQ
999 _c5297
_d5287